000 00503nam a22001337a 4500
999 _c23756
_d23756
003 NUST
005 20170614112926.0
008 140106b xxu||||| |||| 00| 0 eng d
010 _a9128019
020 _a0070717680
_cAvailable
040 _aDLC
_bDLC
_cRCMS
082 _22nd, ed.
_a620.82 WOO
_b002486
100 _aWesley E. Woodson,Barry Tillman Peggy Tillman
_92652
245 _aHuman Factor Design Handbook
_cWoodson Wesley E
250 _a2nd,ed.
260 _aNew York
_bMcGraw-Hill
_cc.1992
300 _ax,,846,p:
_bill:
_c30,cm.
504 _aIncludes bibliographical references and index.
538 _iShelf No 1 Row No 6
650 _a1.Human engineering ------- Handbook manuals,etc
_92653
856 _3Table of Content Only
942 _2ddc
_cBK